000 01909cam a2200337 i 4500
999 _c29381
_d29381
001 1262130
003 ARRUPE
005 20170731152234.0
008 750515s1975 mau b 001 0 eng
010 _a 74029474
020 _a0890076014 :
_c$15.00
040 _aDLC
_cDLC
_dDLC
050 0 0 _aB823
_b.C66
082 0 0 _a141
245 0 0 _aContemporary studies in philosophical idealism /
_cedited by John Howie and Thomas O. Buford.
260 _aCape Cod [i.e. West Dennis] Mass. :
_bC. Stark,
_cc1975.
300 _axiii, 290 p. ;
_c22 cm.
500 _aEssays published in honor of P. A. Bertocci.
500 _aIncludes index.
504 _a"Bibliography of Peter Anthony Bertocci": p. 263-282.
505 0 _aReck, A. J. Idealism in American philosophy since 1900.--Rouner, L. S. The surveyor as hero.--Hocking, R. The personal dialectic of the impersonal.--Harris, E. E. Science and objectivity.--Hartshorne, C. Whitehead and Leibniz.--Lavely, J. H. Faith and knowledge.--Findlay, J. N. The rationality of mysticism.--Lewis, H. D. The belief in life after death.--Pittenger, W. N. Towards an understanding of the self.--Howie, J. The riddles of behaviorism.--Beck R. N. Will.--Smith J. E. Creativity in Royce's philosophical idealism.--Muelder, W. G. Personal and cultural autonomy in "Third World" ideologies of development.--Buford, T. O. The Socratic teacher and the modern university.--Millard, R. M. Vocation reconsidered.--Howie, J. Bibliography of Peter Anthony Bertocci.
600 1 0 _aBertocci, Peter Anthony.
_934000
600 1 0 _aBertocci, Peter Anthony
_xBibliography.
_934001
650 0 _aIdealism.
_934002
650 0 _aReligion
_xPhilosophy.
_934003
700 1 _aHowie, John.
_934004
700 1 _aBuford, Thomas O.,
_d1932-
_934005
700 1 _aBertocci, Peter Anthony.
_934000
906 _a7
_bcbc
_corignew
_d1
_eocip
_f19
_gy-gencatlg
942 _2lcc
_cMONOGRAPH